| 000 | 00726nam a2200253Ia 4500 | ||
|---|---|---|---|
| 003 | OSt | ||
| 005 | 20220925215312.0 | ||
| 006 | a|||||r|||| 00| 0 | ||
| 007 | ta | ||
| 008 | 220923b |||||||| |||| 00| 0 eng d | ||
| 037 | _cGeneral Book | ||
| 040 |
_aRTL _cRTL _beng |
||
| 041 |
_2eng _aeng |
||
| 082 | _aX:8K, K8;L8 | ||
| 100 | _aBatty J Ed. | ||
| 245 | 0 | _aCost and management accounting for students | |
| 250 | _a3ed | ||
| 260 |
_aLondon _bHeinemann UK _c1978 |
||
| 300 |
_axiii, 460p. Bib p453, Appendix p405-52 _ccm. |
||
| 490 | _aHeinemann accounting and administration | ||
| 650 |
_aCost Accuonts _9232698 |
||
| 942 |
_hX:8K, K8;L8 _cGB _2CC |
||
| 999 |
_c568422 _d568422 |
||